000 01076njm a22002777a 4500
005 20100921154436.0
007 sd ammalaaahaa
008 100913t xxu||||| |||| 00| 0 hin d
028 _aPSLP-4031
_bHis Master' Voice
035 _aGR-05130
040 _aSED/VEN
100 _919606
_aSudesh Bhosle
245 _aHum Part 1 & 2 /
_h[sound recording] :
_cby Sudesh Bhosle,Kavita Krishna Murthy music by;Laxmi Kant Pyarelal lyrics by ;Anand Bakshi
260 _aDum Dum, India
_bHis Master' Voice
_c1990
300 _a1 sound disc [Gramophone record] :
_banalog, 33.1/3 rpm
_c12 in. (LP)
_fGramophone record
500 _aBrief record.
500 _aHis Master' Voice
500 _aOrange
505 _aPart.1Jooma chumma de de Part 2 Ek doosre se karte hain pyar hum
650 _xExcerpts
_zIndia
_919607
_vFilmi song
_aClassical music
700 _920936
_aKavita Krishna Murthy
700 _aLaxmi Kant Pyarelal
_921008
700 _aAnand Bakshi
_921022
942 _2ddc
_cGR
999 _c47359
_d47359